Future of land warfare : (Record no. 38714)
[ view plain ]
| 000 -LEADER | |
|---|---|
| fixed length control field | 02906cam a2200253 i 4500 |
| 020 ## - INTERNATIONAL STANDARD BOOK NUMBER | |
| ISBN | 9788194283744 |
| 020 ## - INTERNATIONAL STANDARD BOOK NUMBER | |
| ISBN | 8194283744 |
| 082 04 - DEWEY DECIMAL CLASSIFICATION NUMBER | |
| Classification number | 355.033554 |
| Item number | FUT- |
| 245 00 - TITLE STATEMENT | |
| Title | Future of land warfare : |
| Sub Title | beyond the horizon / |
| Statement of responsibility, etc | edited by P.K .Chakravorty. |
| 250 ## - EDITION STATEMENT | |
| Edition statement | 1st ed. |
| 260 ## - PUBLICATION, DISTRIBUTION, ETC. (IMPRINT) | |
| Place of publication | New Delhi: |
| Name of publisher | Pentagon Press, |
| Year of publication | 2020. |
| 300 ## - PHYSICAL DESCRIPTION | |
| Number of Pages | xix, 272 p. : |
| Other physical details | illustrations (color), maps (black and white, and color) ; |
| Accompanying material | 24cm |
| 500 ## - GENERAL NOTE | |
| General note | Contributed articles. |
| 500 ## - GENERAL NOTE | |
| General note | "Centre for Land Warfare Studies." |
| 504 ## - BIBLIOGRAPHY, ETC. NOTE | |
| Bibliography, etc | Includes bibliographical references and index. |
| 520 ## - SUMMARY, ETC. | |
| Summary, etc | The book deals with the future of land warfare on the Indian subcontinent. To predict the future is extremely difficult particularly in the field of Warfare. This is due to the fact that wars are impacted by doctrine, technology and people. Also, the introduction of nuclear weapons has made war less frequent and reduced the duration. There are trends which keep changing with the passage of time. Conflicts in the 21st century are short and swift with a combination of effects. Further aspirations of leaders often point towards different military objectives. In such a scenario we could plan at best for a decade and maybe visualise for about 15 years. By and large wars of the future will be conventional, hybrid and would be interstate or with non-state actors. The causes could be territorial or related to historical differences, ideological biases, economic disparity, security and water distribution. Further issues could exacerbate due to impact of climate change, higher rate of population growth of minorities and sectarian or ethnic extremism. The future wars are likely to follow three types. It could be overt, covert and finally outsourced. The future battle space as visualised in the next 15 years would have characteristics which would make it non linear in time and space. Unlike wars of the past they would be swift and would be based on speed. Targets would need to be precisely engaged to avoid collateral damage. Operations would demand jointness between the three services. Further they would be continuous with no pauses. They could be termed as 24x7 operations. In these operations connectivity would play an important part and communications would be available to soldiers, commanders and autonomous weapon systems and vehicles. There would be a need for synergy between air, sea, and outer space while undertaking land warfare. Perception management becomes extremely important as this alone would lead to an effective reorganization of people. Finally technology would play an important role particularly, the application of artificial intelligence. |
| 650 #0 - SUBJECT ADDED ENTRY--TOPICAL TERM | |
| Topical Term | Military |
| 650 #0 - SUBJECT ADDED ENTRY--TOPICAL TERM | |
| Topical Term | National security |
| 650 #0 - SUBJECT ADDED ENTRY--TOPICAL TERM | |
| Topical Term | art and science |
| 650 #0 - SUBJECT ADDED ENTRY--TOPICAL TERM | |
| General subdivision | India |
| 700 1# - ADDED ENTRY--PERSONAL NAME | |
| Personal name | Chakravorty, P. K. |
| Relator term | editor. |
| 710 2# - ADDED ENTRY--CORPORATE NAME | |
| Corporate name or jurisdiction name as entry element | Centre for Land Warfare Studies (New Delhi, India), |
| 942 ## - ADDED ENTRY ELEMENTS (KOHA) | |
| Source of classification or shelving scheme | Dewey Decimal Classification |
| Koha item type | Books |
| Withdrawn status | Lost status | Damaged status | Not for loan | Home library | Current library | Date acquired | Source of acquisition | Cost, normal purchase price | Full call number | Accession Number | Cost, replacement price | Price effective from | Koha item type |
|---|---|---|---|---|---|---|---|---|---|---|---|---|---|
| NASSDOC Library | NASSDOC Library | 20/03/2024 | 11 | 718.39 | 355.033554 FUT- | 53914 | 995.00 | 20/03/2024 | Books |
